| 000 | 00800nam a2200241 i 4500 | ||
|---|---|---|---|
| 001 | 17383 | ||
| 003 | ES-MaACL | ||
| 005 | 20230906151552.0 | ||
| 007 | t| | ||
| 008 | 010227s1993 sp f |||| | spa d | ||
| 020 | _a84-7039-681-1 | ||
| 080 | _a396(460) | ||
| 245 | 0 | 0 |
_aMujeres y hombres _b: la formación del pensamiento igualitario / _ccoordinado por María-Angeles Durán. |
| 260 |
_aMadrid : _bCastalia : _bInstituto de la Mujer, _c[1993] |
||
| 300 |
_a301 p., [8] p. de lám. ; _c20 cm. |
||
| 490 | 1 |
_aBiblioteca de escritoras ; _v40 |
|
| 650 | 4 |
_aFeminismo- _zEspaña. _912745 |
|
| 700 | 1 |
_aDurán, María Ángeles. _946195 |
|
| 710 | 2 |
_aInstituto de la Mujer (España) _94980 |
|
| 830 | 0 |
_aBiblioteca de escritoras ; _v40 _9179314 |
|
| 852 |
_aES-MaACL _jL-24425 |
||
| 999 |
_c17383 _d17383 |
||